000 00366cam a22001097a 4500
008 180718b2005 xxu||||| |||| 00| 0 eng d
020 _a8123012667
100 _aKunal Kishore
245 _aDalit devo bhav: Bhartiya vadmay main dalito ki gaurav gaatha (Hindi)
_cby Kishore Kunal
260 _aNew Delhi
_bMinistry of Information and Broadcasting
_c2005
300 _a694p.
999 _c406269
_d406269